Statistics for Top 10 Tour de France 2010s

Click here to take the quiz!

General Stats

  • This quiz has been taken 546 times
    (424 since last reset)
  • The average score is 31 of 52

Answer Stats

% Correct
Christopher Froome
99%
Alberto Contador
96%
Egan Bernal
95%
Geraint Thomas
95%
Vincenzo Nibali
94%
Bradley Wiggins
93%
Nairo Quintana
93%
Romain Bardet
91%
Cadel Evans
90%
Thibaut Pinot
90%
Andy Schleck
89%
Frank Schleck
89%
Alejandro Valverde
88%
Primož Roglič
83%
Tom Dumoulin
81%
Rigoberto Urán
80%
Julian Alaphilippe
77%
Mikel Landa
70%
Richie Porte
69%
Steven Kruijswijk
67%
Adam Yates
64%
Dan Martin
64%
Jean-Christophe Péraud
64%
Simon Yates
64%
Thomas Voeckler
63%
Joaquim Rodriguez
62%
Bauke Mollema
61%
Fabio Aru
61%
Tejay van Garderen
60%
Emanuel Buchmann
57%
Pierre Rolland
57%
Samuel Sanchez
52%
Warren Barguil
52%
Jakob Fuglsang
48%
Jurgen Van den Broeck
45%
Robert Gesink
44%
Ivan Basso
43%
Roman Kreuziger
42%
Dennis Menchov
41%
Ilnur Zakarin
36%
Louis Meintjes
35%
Laurens ten Dam
34%
Haimar Zubeldia
31%
Christopher Horner
30%
Damiano Cunego
30%
Leopold König
27%
Mathias Frank
26%
Ryder Hesjedal
26%
Andrew Talansky
23%
Daniel Navarro
17%
Thomas Danielson
16%
Janez Brajkovič
15%

Score Distribution

Percentile by Number Answered

Percent of People with Each Score

Your Score History

You have not taken this quiz since the last reset